Faculty of Law Library — Cairo University

Official Online Catalog

International law and dispute settlement : (Record no. 65943)

MARC details
000 -LEADER
fixed length control field 02850cam a2200349 i 4500
003 - CONTROL NUMBER IDENTIFIER
control field EG-GICUC
005 - DATE AND TIME OF LATEST TRANSACTION
control field 20260310091510.0
008 - FIXED-LENGTH DATA ELEMENTS--GENERAL INFORMATION
fixed length control field 100526s2010 enk frb 001 0 eng d
020 ## - INTERNATIONAL STANDARD BOOK NUMBER
International Standard Book Number 9781841139128
040 ## - CATALOGING SOURCE
Original cataloging agency UKM
Transcribing agency UKM
Modifying agency BWKUK
-- BWK
-- YDXCP
-- BWX
-- CDX
-- STF
-- DLC
-- EG-GICUC
Language of cataloging eng
Description conventions rda
050 00 - LIBRARY OF CONGRESS CALL NUMBER
Classification number KZ6010
Item number .I576 2010
082 00 - DEWEY DECIMAL CLASSIFICATION NUMBER
Classification number 341
Edition number 21
092 04 - LOCALLY ASSIGNED DEWEY CALL NUMBER (OCLC)
Edition number 21
099 ## - LOCAL FREE-TEXT CALL NUMBER (OCLC)
Classification number Law 12 2010
245 00 - TITLE STATEMENT
Title International law and dispute settlement :
Remainder of title new problems and techniques /
Statement of responsibility, etc. edited by Duncan French, Matthew Saul and Nigel D. White.
264 ## - PRODUCTION, PUBLICATION, DISTRIBUTION, MANUFACTURE, AND COPYRIGHT NOTICE
Place of production, publication, distribution, manufacture Oxford ;
-- Portland, Or. :
Name of producer, publisher, distributor, manufacturer Hart Pub.,
Date of production, publication, distribution, manufacture, or copyright notice 2010.
300 ## - PHYSICAL DESCRIPTION
Extent xxviii, 415 pages ;
Dimensions 24 cm.
336 ## - CONTENT TYPE
Content type term text
Source rdacontent
337 ## - MEDIA TYPE
Media type term Computer
Source rdamedia
338 ## - CARRIER TYPE
Carrier type term Online Resource
Source rdacarrier
490 1# - SERIES STATEMENT
Series statement Studies in international law ;
Volume/sequential designation v. 28
504 ## - BIBLIOGRAPHY, ETC. NOTE
Bibliography, etc. note Includes bibliographical references (p. [389]-393) and index.
505 00 - FORMATTED CONTENTS NOTE
Formatted contents note Private disputes and the public interest in international law / Vaughan Lowe -- The International Court of Justice and environmental disputes / Malgosia Fitzmaurice -- Complaint and grievance mechanisms in international dispute settlement / Duncan French and Richard Kirkham -- Stuck in the middle with you? Alternative approaches to realising accountability for human rights violations by business / Sorcha Macleod -- Practice and procedure of dispute settlement in individual communication cases within the Human Rights Committee and the Committee on the Elimination of Discrimination against Women : congruence or conflict? / Sandy Ghandhi -- Trends in dispute settlement in the law of the sea : towards the increasing availability of compulsory means / Robin Churchill -- The WTO dispute settlement mechanism as a new technique for settling disputes in international law / Surya P. Subedi -- Legal means of dispute settlement in the field of collective security : the quasi-judicial powers of the Security Council / Nigel D. White and Matthew Saul -- Non-compliance procedures and dispute resolution mechanisms under international environmental agreements / Karen N. Scott -- The Antarctic Treaty after 50 years / James Crawford -- Cross-border family mediation / Kisch Beevers -- Aspects of the African Court of Justice and human rights / Gino J. Naldi -- The EU, the ECHR and the effective protection of human rights for individuals / Tawhida Ahmed -- The European Court of Justice as a constitutional court : implications for the EU and international legal orders / Paul James Cardwell.
650 #0 - SUBJECT ADDED ENTRY--TOPICAL TERM
Topical term or geographic name entry element Pacific settlement of international disputes.
700 1# - ADDED ENTRY--PERSONAL NAME
Personal name French, Duncan.
700 1# - ADDED ENTRY--PERSONAL NAME
Personal name Saul, Matthew.
700 1# - ADDED ENTRY--PERSONAL NAME
Personal name White, Nigel D.,
Dates associated with a name 1961-
830 #0 - SERIES ADDED ENTRY--UNIFORM TITLE
Uniform title Studies in international law (Oxford, England) ;
Volume/sequential designation v. 28.
856 40 - ELECTRONIC LOCATION AND ACCESS
Uniform Resource Identifier <a href="https://fll.law.cu.edu.eg/fulltext/bks/ENGB12-00080.pdf">https://fll.law.cu.edu.eg/fulltext/bks/ENGB12-00080.pdf</a>
905 ## - Cataloger and Reviser Names
Cataloger Name: Hend El khosy
942 ## - ADDED ENTRY ELEMENTS (KOHA)
Source of classification or shelving scheme Dewey Decimal Classification
Koha item type Books
Edition 21
Suppress in OPAC No
Holdings
Withdrawn status Lost status Source of classification or shelving scheme Damaged status Not for loan Collection Home library Current library Date acquired Total checkouts Full call number Barcode Date last seen Copy number Price effective from Koha item type Public note
    Dewey Decimal Classification     القانون الدولي الخاص جــــامعة القــاهرة مكتبة كلية الحقوق - فـرع الشيخ زايد 10.03.2026   Law2 12 341 IN 2010 1200080 C1 ENGB12-00080 10.03.2026 1 10.03.2026 Books 1611

© All rights reserved — Faculty of Law, Cairo University